Madhyayugeen bhakthikavya ke vaicharik sarokar/ (Record no. 58866)

000 -LEADER
fixed length control field 00421nam a22001577a 4500
020 ## - INTERNATIONAL STANDARD BOOK NUMBER
ISBN 9781934293065
082 ## - DEWEY DECIMAL CLASSIFICATION NUMBER
Classification number H100 9
Item number SHI/M
100 ## - MAIN ENTRY--AUTHOR NAME
Personal name Shivprasad Shukla
245 ## - TITLE STATEMENT
Title Madhyayugeen bhakthikavya ke vaicharik sarokar/
Statement of responsibility, etc by Shivprasad Shukla
260 ## - PUBLICATION, DISTRIBUTION, ETC. (IMPRINT)
Place of publication Kanpur:
Name of publisher Jnan Prakahan,
Year of publication s.l.
300 ## - PHYSICAL DESCRIPTION
Number of Pages 288p.
650 ## - SUBJECT ADDED ENTRY--TOPICAL TERM
Topical Term Poetry Hindi Criticism
650 ## - SUBJECT ADDED ENTRY--TOPICAL TERM
Topical Term Literature Hindi
650 ## - SUBJECT ADDED ENTRY--TOPICAL TERM
Topical Term Literature
942 ## - ADDED ENTRY ELEMENTS (KOHA)
Koha item type Book
Holdings
Withdrawn status Lost status Damaged status Not for loan Permanent Location Current Location Shelving location Date acquired Cost, normal purchase price Full call number Accession Number Price effective from Koha item type
        Sree Sankaracharya University of Sanskrit Sree Sankaracharya University of Sanskrit Stacks 18.02.2016 750.00 H100 9 SHI/M 080706 18.02.2016 Book